000
00227 a2200109 4500
020
_a
9780061804311
041
_a
spa
100
_a
LAURA, Numeroff
245
_a
SI LE DAS UN PASTELITO A UN GATO
942
_c
BK
952
_7
4
_x
ok
999
_c
25920
_d
25920